Landen met Dezelfde Engelse Naam - Statistieken

Algemene statistieken
  • Deze quiz is 6.199 keer genomen
    5.188 sinds de laatste reset
  • De gemiddelde score is 51 van 91
Antwoordstatistieken
Land % Correct
Finland
83%
China
81%
Canada
79%
Portugal
79%
Mexico
76%
Andorra
74%
Japan
74%
Peru
73%
Colombia
72%
Uruguay
72%
Monaco
71%
Paraguay
71%
San Marino
71%
Suriname
70%
Venezuela
70%
Ecuador
68%
Bolivia
67%
Liechtenstein
67%
Cuba
65%
India
65%
Guyana
64%
Panama
64%
Fiji
63%
Malta
62%
Costa Rica
61%
Guatemala
61%
Honduras
61%
Iran
61%
Haiti
60%
El Salvador
59%
Jamaica
59%
Nicaragua
59%
Pakistan
59%
Belize
58%
Niger
58%
Thailand
58%
Tuvalu
57%
Vietnam
57%
Kosovo
56%
Oman
56%
Afghanistan
55%
Nigeria
55%
Belarus
54%
Dominica
54%
Laos
54%
Montenegro
54%
Palau
54%
Samoa
54%
Vanuatu
54%
Angola
53%
Barbados
53%
Ghana
52%
Mali
52%
Nauru
52%
Tonga
52%
Bhutan
51%
Cyprus
51%
Nepal
51%
Qatar
51%
Togo
51%
Zimbabwe
50%
Benin
49%
Kiribati
49%
Zambia
49%
Grenada
48%
Lesotho
48%
Senegal
48%
Bangladesh
47%
Singapore
47%
Botswana
46%
Brunei
46%
Gambia
46%
Rwanda
45%
Taiwan
45%
Burundi
44%
Eswatini
44%
Myanmar
44%
Sri Lanka
44%
Djibouti
43%
Mozambique
43%
Saint Lucia
43%
Tanzania
43%
Turkmenistan
43%
Gabon
42%
Eritrea
41%
Burkina Faso
40%
Micronesia
40%
Malawi
39%
Sierra Leone
39%
Mauritius
36%
Liberia
35%
Geen overeenkomende quizzen gevonden
Scoreverdeling
Procent van Mensen met Elke Score
Percentiel versus Aantal Correcte Antwoorden
Uw Scoregeschiedenis
U heeft deze quiz nog niet genomen sinds de laatste reset